00734nam a2200253Ia 4500003000400000005001700004008004100021020001600062040000700078041000800085082002600093100002800119245001700147250000600164260005600170300001500226365001300241650002100254650002100275906001700296942001200313999001900325952013600344OSt20230325103210.0210423s2005 xx 000 0 und d a97524620317 cAL aeng a330.015195 223bBALB aBALTAGI (Badi H)977828 aEconometrics a3 aNew DelhibResearch and Education Associationc2005 axv,401bPB b595cINR aEconomics977829 aEconomics977829 aEconometrics 2ddccBK c155953d155953 001040708ECOaSACPGbSACPGd2008-08-27eAthulya Booksg595.00l0o330.015195 BALBpPG002425r2022-08-24 00:00:00w2021-04-26yBK